Which Beatle Sang It? Click Quiz #2 - Statistics

General Stats
  • This quiz has been taken 841 times
  • The average score is 14 of 20
Answer Stats
Hint Answer % Correct
Octopus's Garden Ringo Starr
87%
Michelle Paul McCartney
84%
Lucy In The Sky With Diamonds John Lennon
82%
Revolution John Lennon
82%
Penny Lane Paul McCartney
82%
Back In The U.S.S.R. Paul McCartney
78%
We Can Work It Out Paul McCartney
77%
Julia John Lennon
76%
You've Got To Hide Your Love Away John Lennon
76%
Norwegian Wood (This Bird Has Flown) John Lennon
75%
Paperback Writer Paul McCartney
73%
Helter Skelter Paul McCartney
73%
Within You Without You George Harrison
70%
Dear Prudence John Lennon
69%
Sgt. Pepper's Lonely Hearts Club Band Paul McCartney
69%
Tomorrow Never Knows John Lennon
66%
Piggies George Harrison
56%
Love You To George Harrison
55%
Don't Bother Me George Harrison
52%
Good Night Ringo Starr
51%
No matching quizzes found
Score Distribution
Percent of People with Each Score
Percentile by Number Answered
Your Score History
You have not taken this quiz